Catálogo
 En Linea

Cervantes : (Registro nro. 18868)

Detalles MARC
000 -CABECERA
campo de control de longitud fija 00811nam a2200253 a 4500
001 - NÚMERO DE CONTROL
campo de control 000019351
005 - FECHA Y HORA DE LA ÚLTIMA TRANSACCIÓN
campo de control 20200929170006.0
008 - DATOS DE LONGITUD FIJA--INFORMACIÓN GENERAL
campo de control de longitud fija 100625s1995 sp 000 edspa d
020 ## - NÚMERO INTERNACIONAL ESTÁNDAR DEL LIBRO
Número Internacional Estándar del Libro 8420646687
040 ## - FUENTE DE LA CATALOGACIÓN
Centro catalogador/agencia de origen DO-SdBNP
Lengua de catalogación spa
Centro/agencia transcriptor BNPHU
082 ## - NÚMERO DE LA CLASIFICACIÓN DECIMAL DEWEY
Número de clasificación 864.3
Número de documento/Ítem R456c
049 ## - FONDOS LOCALES (OCLC)
Fondos de biblioteca BNGR
100 1# - ENTRADA PRINCIPAL--NOMBRE DE PERSONA
Nombre de persona Rey Hazas, Antonio,
9 (RLIN) 41583
245 10 - MENCIÓN DE TÍTULO
Título Cervantes :
Resto del título vida y literatura /
Mención de responsabilidad, etc. Antonio Rey Hazas, Florencio Sevilla Arroyo.
260 ## - PUBLICACIÓN, DISTRIBUCIÓN, ETC.
Lugar de publicación, distribución, etc. Madrid :
Nombre del editor, distribuidor, etc. Alianza,
Fecha de publicación, distribución, etc. 1995.
300 ## - DESCRIPCIÓN FÍSICA
Extensión 95, [1] ;
Dimensiones 15 cm.
490 1# - MENCIÓN DE SERIE
Mención de serie Alianza cien
Designación de volumen o secuencia 68
650 #4 - PUNTO DE ACCESO ADICIONAL DE MATERIA--TÉRMINO DE MATERIA
Término de materia o nombre geográfico como elemento de entrada Ensayos españoles
9 (RLIN) 3095
650 #4 - PUNTO DE ACCESO ADICIONAL DE MATERIA--TÉRMINO DE MATERIA
Término de materia o nombre geográfico como elemento de entrada Literatura española
9 (RLIN) 632
650 #4 - PUNTO DE ACCESO ADICIONAL DE MATERIA--TÉRMINO DE MATERIA
Término de materia o nombre geográfico como elemento de entrada Cervantes saavedra, miguel de,
Fechas vigentes 1547-1616
Subdivisión general Crítica, interpretación, etc.
9 (RLIN) 41584
700 1# - PUNTO DE ACCESO ADICIONAL--NOMBRE DE PERSONA
Nombre de persona Sevilla Arroyo, Florencio
9 (RLIN) 41585
830 #0 - PUNTO DE ACCESO ADICIONAL DE SERIE-TÍTULO UNIFORME
Título uniforme Alianza cien ;
Designación de volumen o secuencia 68
9 (RLIN) 12832
910 ## - DATOS DE OPCIÓN DEL USUARIO (OCLC)
Datos de opción del usuario WM
Existencias
Estado de retiro Estado de pérdida Restricciones de uso No para préstamo Código de colección Localización permanente Ubicación/localización actual Ubicación en estantería Fecha de adquisición Número de inventario Total de préstamos Signatura topográfica completa Código de barras Fecha visto por última vez Precio válido a partir de Tipo de ítem Koha
        Monografías: Libros y Folletos General General Depósito 25.06.2010 LF1   864.3 R456c 19351-10 25.06.2020 25.06.2020 Préstamo en sala

Con tecnología Koha